000 00738nam a2200289Ia 4500
005 20260324135231.0
008 008 260324s9999 xx 000 0 eng d
020 _a9781315809403
037 _aEBOOK
040 _aCRL
040 _beng
040 _cCRL
041 _2eng
041 _aeng
084 _qCRL
100 _aJanet F. Gillespie; Judy Primavera
_91199835
245 0 _aDiverse Families, Competent Families
245 0 _bInnovations in Research and Preventive Intervention Practice
260 _bTaylor and Francis
260 _c2000
365 _a
365 _b67.99
856 _uhttp://www.taylorfrancis.com/books/9781315809403
942 _cEBOOK
999 _c1800696
_d1800696